|
|
|
|
| LEADER |
01094nam a2200253 a 4500 |
| 001 |
3959175 |
| 008 |
091108s1995 nyu b s001 0 eng d |
| 010 |
|
|
|a 94009240
|
| 020 |
|
|
|a 079142295X (acid-free)
|
| 020 |
|
|
|a 0791422968 (acid-free)
|
| 040 |
|
|
|a DLC
|c DLC
|d DLC
|
| 082 |
0 |
0 |
|a 340/.115
|2 20
|
| 245 |
0 |
0 |
|a Legal studies as cultural studies :
|b a reader in (post) modern critical theory /
|c edited by Jerry Leonard ; [contributors] Marie Ashe ... [et al.].
|
| 260 |
|
|
|a Albany :
|b State University of New York Press,
|c c1995.
|
| 300 |
|
|
|a viii, 392 p. ;
|c 23 cm.
|
| 504 |
|
|
|a Includes bibliographical references (p. 361-383) and index.
|
| 541 |
1 |
|
|e 00019511
|
| 650 |
|
0 |
|a Culture and law.
|
| 650 |
|
0 |
|a Critical legal studies.
|
| 700 |
1 |
|
|a Leonard, Jerry,
|d 1963-
|
| 700 |
1 |
|
|a Ashe, Marie.
|
| 852 |
4 |
|
|a Ayesha Abed Library
|j General Shelf
|
| 999 |
|
|
|c 5292
|d 5292
|
| 952 |
|
|
|0 0
|1 0
|2 ddc
|4 0
|6 340_115000000000000_LEG_1995
|7 0
|9 5141
|a BRACUL
|b BRACUL
|c GEN
|d 2009-11-09
|l 2
|m 15
|o 340.115 LEG
|p 3010019511
|r 2026-04-23
|s 2025-02-12
|t 1
|w 2009-11-09
|y BK
|x Transferred from ENH to Ayesha Abed library on 20/12/2023
|